000 00974nam a22002657a 4500
001 03269
003 HDC
007 cr bn ---
008 210106b19971997xxk||||| |||| 00| 0 eng d
022 _a1359-8546
040 _aHDC
100 _aNew, Stephen J.
_eauthor
_92362
245 4 _aThe scope of supply chain management research
_c/ Stephen J. New
260 _aUnited Kingdom:
_bEmerald Publishing,
_c1997
300 _a1 online resource (6 pages)
336 _atext
_2rdacontent
337 _acomputer
_2rdamedia
338 _aonline resource
_2rdacarrier
500 _aExtract from: Supply Chain Management, 1997, volume 2, number 1 (pages 15-22)
_aIncludes bibliographical references
650 _aDelivery of goods
_xManagement
_91547
856 _zRequest full-text at [email protected]
942 _2lcc
942 _cAR
942 _kJART 002583
999 _c655
_d655